[Event "SM Master Norm Tournament"]
[Site "SchemingMind.com"]
[Date "2008.11.22"]
[Round "-"]
[White "Aadsje"]
[Black "Trener"]
[Result "1-0"]
[WhiteCountry "NED"]
[BlackCountry "PAR"]
[WhiteElo "2203"]
[WhiteRD "60"]
[BlackElo "2286"]
[BlackRD "73"]
[GameID "180062"]

1. e4 e5 2. Nf3 Nc6 3. Bc4 Bc5 4. O-O Nf6 5. d4 exd4 6. e5 d5 7. exf6 dxc4 8. Re1+ Be6 9. fxg7 Rg8 10. Bg5 Qd5
11. Nc3 Qf5 12. Ne4 Rxg7 13. Nh4
1-0

[Event "SM Master Norm Tournament"]
[Site "SchemingMind.com"]
[Date "2008.11.22"]
[Round "-"]
[White "Trener"]
[Black "Aadsje"]
[Result "1/2-1/2"]
[WhiteCountry "PAR"]
[BlackCountry "NED"]
[WhiteElo "2283"]
[WhiteRD "73"]
[BlackElo "2238"]
[BlackRD "60"]
[GameID "180063"]

1. e4 c5 2. Nf3 d6 3. d4 cxd4 4. Nxd4 Nf6 5. Nc3 a6 6. f4 e5 7. Nf3 Nbd7 8. a4 Be7 9. Bd3 O-O 10. O-O Nc5
11. Kh1 Qc7 12. Qe1 Be6 13. f5 Bd7 14. Bg5 Bc6 15. b4 Nxd3 16. cxd3 h6 17. Bd2 Kh8=
1/2-1/2

[Event "SM Master Norm Tournament"]
[Site "SchemingMind.com"]
[Date "2008.12.01"]
[Round "-"]
[White "_keyes"]
[Black "Trener"]
[Result "0-1"]
[WhiteCountry "ENG"]
[BlackCountry "PAR"]
[WhiteElo "2006"]
[WhiteRD "77"]
[BlackElo "2283"]
[BlackRD "73"]
[GameID "181043"]

1. d4 d5 2. c4 e6 3. Nc3 Nf6 4. Bg5 Nbd7 5. e3 c6 6. Nf3 Qa5 7. Bxf6 Nxf6 8. Nd2 Bb4 9. Qc1 O-O 10. Bd3 dxc4
11. Nxc4 Qg5 12. O-O e5 13. f4 exf4 14. exf4 Qh6 15. Ne5 Ba5 16. Qd2 Rd8 17. Rae1 Rxd4 18. Bxh7+ Qxh7
0-1

[Event "SM Master Norm Tournament"]
[Site "SchemingMind.com"]
[Date "2008.12.05"]
[Round "-"]
[White "_keyes"]
[Black "Aadsje"]
[Result "0-1"]
[WhiteCountry "ENG"]
[BlackCountry "NED"]
[WhiteElo "2006"]
[WhiteRD "77"]
[BlackElo "2238"]
[BlackRD "60"]
[GameID "181044"]

1. d4 Nf6 2. c4 e6 3. Nc3 Bb4 4. e3 O-O 5. Bd3 d5 6. Ne2 dxc4 7. Bxc4 c5 8. O-O cxd4 9. exd4 Nc6 10. Bg5 h6
11. Bxf6 Qxf6 12. Ne4 Qg6 13. Bd3 Rd8 14. N4c3 Qg4 15. f3 Qh4 16. Bc2 Nxd4 17. Qd3 Nf5 18. Qe4 Qxe4 19. Nxe4 Ne3 20. Rfc1 Bd2
21. Nxd2 Rxd2 22. Bd1 Nxd1 23. Rxd1 Rxe2 24. Rd8+ Kh7
0-1

[Event "SM Master Norm Tournament"]
[Site "SchemingMind.com"]
[Date "2008.12.05"]
[Round "-"]
[White "egis"]
[Black "_keyes"]
[Result "1/2-1/2"]
[WhiteCountry "LTU"]
[BlackCountry "ENG"]
[WhiteElo "1960"]
[WhiteRD "68"]
[BlackElo "2061"]
[BlackRD "71"]
[GameID "181045"]

1. d4 Nf6 2. c4 e6 3. g3 d5 4. Bg2 c6 5. Qc2 Be7 6. Nf3 O-O 7. O-O Nbd7 8. Bg5 h6 9. Bxf6 Bxf6 10. cxd5 exd5
11. Nc3 Re8 12. e3 Nf8 13. b3 g6 14. a4 Bf5 15. Qd2 Nd7 16. Ne2 Bg7 17. Qc3 g5 18. Rfc1 Rc8 19. Qb4 Bd3 20. Re1 Qc7
21. Rad1 Bg6 22. Qc3 Re7 23. Bh3 Rce8 24. a5 Nf6 25. Nd2 Ne4 26. Nxe4 Bxe4 27. b4 Qd6 28. Bg4 Qf6 29. Qc5 a6 30. Nc3 Bf3
31. Bxf3 Qxf3 32. Qb6 f5=
1/2-1/2

[Event "SM Master Norm Tournament"]
[Site "SchemingMind.com"]
[Date "2008.11.30"]
[Round "-"]
[White "Trener"]
[Black "_keyes"]
[Result "0-1"]
[WhiteCountry "PAR"]
[BlackCountry "ENG"]
[WhiteElo "2166"]
[WhiteRD "69"]
[BlackElo "2061"]
[BlackRD "71"]
[GameID "181046"]

1. e4 c5 2. Nf3 d6 3. d4 cxd4 4. Nxd4 Nf6 5. Nc3 a6 6. Bg5 e6 7. f4 Be7 8. Qf3 Qc7 9. O-O-O Nbd7 10. Bd3 h6
11. Bh4 g5 12. fxg5 Ne5 13. Qe2 Nfg4 14. Nf3 hxg5 15. Bg3 Bd7 16. Rdf1 Nxf3 17. Qxf3 Nf6
0-1

[Event "SM Master Norm Tournament"]
[Site "SchemingMind.com"]
[Date "2008.12.05"]
[Round "-"]
[White "Aadsje"]
[Black "_keyes"]
[Result "1-0"]
[WhiteCountry "NED"]
[BlackCountry "ENG"]
[WhiteElo "2238"]
[WhiteRD "60"]
[BlackElo "2006"]
[BlackRD "77"]
[GameID "181047"]

1. e4 c5 2. Nf3 d6 3. Bb5+ Bd7 4. Bxd7+ Nxd7 5. d4 cxd4 6. Nxd4 Ngf6 7. O-O g6 8. Be3 Bg7 9. Nc3 a6 10. f4 O-O
11. f5 Ne5 12. Qe2 Rc8 13. Rad1 b5 14. fxg6 hxg6 15. Nd5 Nxe4 16. Bf4 Nc5 17. Bxe5 Bxe5 18. Nf3 Nd7 19. c3 e6 20. Nxe5 dxe5
21. Nf6+ Kg7 22. Rxd7 Qb6+ 23. Kh1 Qb8 24. Ng4 Rcd8 25. Qd2 Rxd7 26. Qh6+
1-0

[Event "SM Master Norm Tournament"]
[Site "SchemingMind.com"]
[Date "2008.12.02"]
[Round "-"]
[White "Dr_Pat"]
[Black "_keyes"]
[Result "1/2-1/2"]
[WhiteCountry "USA"]
[BlackCountry "ENG"]
[WhiteElo "2133"]
[WhiteRD "55"]
[BlackElo "2006"]
[BlackRD "77"]
[GameID "181456"]

1. d4 Nf6 2. c4 e6 3. Nc3 Bb4 4. Qc2 d5 5. cxd5 exd5 6. Bg5 h6 7. Bxf6 Qxf6 8. a3 Bxc3+ 9. Qxc3 O-O 10. e3 c6
11. Nf3 Bg4 12. Ne5 Be6 13. Bd3 Nd7 14. Nxd7 Bxd7 15. O-O Rfe8 16. Qb4 Rab8 17. Qa4 a6 18. Qc2 g6 19. Rae1 Qg7 20. f4 f5
21. Rf3 Qf6 22. Rc1 Re7 23. Qc3 Rbe8 24. Re1 Re6 25. Rg3 Kh7 26. a4 Qf8 27. a5 Bc8 28. Rh3 R6e7 29. Qb3 Qf6 30. Qb4 Kg7=
1/2-1/2

[Event "SM Master Norm Tournament"]
[Site "SchemingMind.com"]
[Date "2008.12.02"]
[Round "-"]
[White "Dr_Pat"]
[Black "Trener"]
[Result "0-1"]
[WhiteCountry "USA"]
[BlackCountry "PAR"]
[WhiteElo "2138"]
[WhiteRD "50"]
[BlackElo "2277"]
[BlackRD "75"]
[GameID "181458"]

1. d4 d5 2. c4 e6 3. Nc3 c6 4. Nf3 Nf6 5. e3 Nbd7 6. Bd3 dxc4 7. Bxc4 b5 8. Bd3 a6 9. O-O c5 10. b3 Bb7
0-1

[Event "SM Master Norm Tournament"]
[Site "SchemingMind.com"]
[Date "2008.12.05"]
[Round "-"]
[White "Dr_Pat"]
[Black "Aadsje"]
[Result "1/2-1/2"]
[WhiteCountry "USA"]
[BlackCountry "NED"]
[WhiteElo "2138"]
[WhiteRD "50"]
[BlackElo "2208"]
[BlackRD "59"]
[GameID "181459"]

1. d4 Nf6 2. c4 e6 3. Nc3 Bb4 4. Qc2 d5 5. cxd5 exd5 6. Bg5 Qd6 7. e3 Ne4 8. Bf4 Qc6 9. Rc1 g5 10. Be5 O-O
11. Bd3 Bf5 12. Nf3 f6 13. Bg3 Nd7 14. O-O Bxc3 15. bxc3 Nb6 16. h4 g4 17. Nd2 Rae8 18. Bf4 Nc4=
1/2-1/2

[Event "SM Master Norm Tournament"]
[Site "SchemingMind.com"]
[Date "2008.12.02"]
[Round "-"]
[White "_keyes"]
[Black "Dr_Pat"]
[Result "0-1"]
[WhiteCountry "ENG"]
[BlackCountry "USA"]
[WhiteElo "1997"]
[WhiteRD "83"]
[BlackElo "2140"]
[BlackRD "55"]
[GameID "181460"]

1. d4 d5 2. c4 c6 3. Nc3 Nf6 4. Nf3 e6 5. e3 Nbd7 6. Bd3 dxc4 7. Bxc4 b5 8. Bd3 a6 9. e4 c5 10. e5 cxd4
11. Nxb5 axb5 12. exf6 Bb7 13. fxg7 Bxg7 14. O-O O-O 15. Bxb5 Nc5 16. Re1 Bxf3 17. Qxf3 Qa5 18. Qe2 d3 19. Bxd3 Nxd3 20. Bd2 Qd5
21. Rf1 Nxb2 22. Bb4 Rfd8 23. a3 Nd3 24. Rab1 e5 25. h3 Nf4 26. Qg4 h5 27. Qg3 Ne2+
0-1

[Event "SM Master Norm Tournament"]
[Site "SchemingMind.com"]
[Date "2008.12.05"]
[Round "-"]
[White "Aadsje"]
[Black "Dr_Pat"]
[Result "1/2-1/2"]
[WhiteCountry "NED"]
[BlackCountry "USA"]
[WhiteElo "2208"]
[WhiteRD "59"]
[BlackElo "2138"]
[BlackRD "50"]
[GameID "181463"]

1. e4 Nf6 2. e5 Nd5 3. Nc3 Nxc3 4. dxc3 d6 5. Nf3 Nc6 6. Bb5 Bd7 7. e6 Bxe6 8. O-O Qd7 9. Nd4 a6 10. Bxc6 bxc6
11. Re1 Bd5 12. Qd3 c5 13. Nb3 Be6 14. c4 g6 15. Qc3 Rg8 16. Bd2 Rb8 17. Qf3 Bxc4 18. Na5 Be6 19. Bc3=
1/2-1/2

[Event "SM Master Norm Tournament"]
[Site "SchemingMind.com"]
[Date "2008.12.06"]
[Round "-"]
[White "GBEDARD"]
[Black "_keyes"]
[Result "1-0"]
[WhiteCountry "USA"]
[BlackCountry "ENG"]
[WhiteElo "2107"]
[WhiteRD "84"]
[BlackElo "2032"]
[BlackRD "85"]
[GameID "181763"]

1. e4 c5 2. Nf3 d6 3. d4 cxd4 4. Nxd4 Nf6 5. Nc3 a6 6. Bc4 e6 7. O-O Be7 8. Qf3 Qc7 9. Bd3 Bd7 10. Qg3 g6
11. Be3 Nc6 12. f4 Nh5 13. Qf3 O-O 14. Nce2 Nxd4 15. Nxd4 Ng7 16. c3 e5 17. Nc2 Bc6 18. Nb4 b5 19. Bc2 Bb7 20. Bb3 Bf6
21. Nd5 Bxd5 22. Bxd5 Rae8 23. a4 exf4 24. Qxf4 Be5 25. Qf3 bxa4 26. Rxa4 a5 27. b4 axb4 28. Ra7 Qc8 29. Rxf7 Ne6 30. Bxe6
1-0

[Event "SM Master Norm Tournament"]
[Site "SchemingMind.com"]
[Date "2008.12.03"]
[Round "-"]
[White "GBEDARD"]
[Black "Dr_Pat"]
[Result "1/2-1/2"]
[WhiteCountry "USA"]
[BlackCountry "USA"]
[WhiteElo "2191"]
[WhiteRD "75"]
[BlackElo "2140"]
[BlackRD "55"]
[GameID "181764"]

1. e4 Nf6 2. e5 Nd5 3. d4 d6 4. Nf3 Bg4 5. Be2 e6 6. O-O Be7 7. c4 Nb6 8. Qb3 Nc6 9. exd6 cxd6 10. Nbd2 O-O
11. d5 exd5 12. cxd5 Ne5 13. Re1 Qc7 14. a4 Rfc8 15. Nxe5 Bxe2 16. Ng6 hxg6 17. Rxe2 Bf6 18. a5 Nd7 19. Qd1 Nc5 20. Nf3 Qd7
21. Bg5 Bxg5 22. Nxg5 Qf5 23. Nf3 Re8 24. b4 Na6 25. Rd2 Rac8 26. b5 Nc5 27. Rc2 Nd3 28. Rd2 Ne5 29. Nd4 Qe4 30. Ne2 g5
31. a6 b6 32. Ng3 Qg6 33. Re2 g4 34. Re3 Rc5 35. Qb3 Rec8 36. Rd1 Rc2 37. Ree1 R8c3 38. Qb4 Rc4 39. Qb1 Qg5 40. Re4 Rc5
41. Qb3 Qg6 42. Qb1 Qh6 43. Qb3 R5c3 44. Qb4 Qf6 45. Rf1 Rc1 46. Qb2 Rxf1+ 47. Nxf1 Rc5 48. Qb3 Qf5 49. Rd4 Qd7 50. Rb4 g6
51. Qb1 Rxd5 52. Ne3 Rc5 53. Qd1 Kg7 54. Qa1 f6 55. Rd4 d5 56. Rd1= Rxb5 57. Qd4 Nc6 58. Qd3 Ra5 59. Nxd5 Ne7 60. Ne3 Qxd3
61. Rxd3 Rxa6 62. Kf1 f5 63. Ke1 Ra2 64. Rd8 b5 65. Rb8 a6 66. Rb6 Kf7 67. Kf1 Ra1+=
1/2-1/2

[Event "SM Master Norm Tournament"]
[Site "SchemingMind.com"]
[Date "2008.12.08"]
[Round "-"]
[White "GBEDARD"]
[Black "egis"]
[Result "1-0"]
[WhiteCountry "USA"]
[BlackCountry "LTU"]
[WhiteElo "2191"]
[WhiteRD "75"]
[BlackElo "1979"]
[BlackRD "70"]
[GameID "181765"]

1. e4 c6 2. d4 d5 3. Nc3 dxe4 4. Nxe4 Nd7 5. Bd3 Ngf6 6. Ng5 h6 7. N5f3 e6 8. Ne2 Be7 9. O-O O-O 10. Re1 b5
11. Ng3 Bd6 12. Ne5 Qc7 13. Nh5 Nxh5 14. Qxh5 Bxe5 15. dxe5 Rd8 16. Qg4 Nxe5 17. Qg3 Rd5 18. Bxh6 f6 19. Bf4 Bb7 20. a4 a6
21. Be4 Rdd8 22. Qh3 Kf7 23. Bxe5 fxe5 24. Ra3 Rh8 25. Rf3+ Ke7 26. Qg4 Kd6 27. Qg5 Rhd8 28. Rd1+ Kc5 29. Qe3+ Rd4 30. b4+ Kb6
31. Rxd4 Ka7 32. Rd7+ Qb6 33. Rxb7+ Kxb7 34. Rf7+ Qc7 35. Bxc6+ Kc8 36. Rf8+ Qd8 37. Qb6
1-0

[Event "SM Master Norm Tournament"]
[Site "SchemingMind.com"]
[Date "2008.12.03"]
[Round "-"]
[White "GBEDARD"]
[Black "Trener"]
[Result "1-0"]
[WhiteCountry "USA"]
[BlackCountry "PAR"]
[WhiteElo "2190"]
[WhiteRD "78"]
[BlackElo "2166"]
[BlackRD "69"]
[GameID "181766"]

1. e4 c5 2. Nf3 d6 3. d4 cxd4 4. Nxd4 Nf6 5. Nc3 g6 6. Be3 Bg7 7. f3 O-O 8. Be2 Nc6 9. Qd2 Nh5 10. Bc4 Bd7
11. O-O-O Rc8 12. Bb3 Na5 13. Nd5 Re8 14. Bg5 Bc6 15. Nxc6 Nxb3+ 16. cxb3 Rxc6+ 17. Kb1 Nf6 18. Bxf6 Bxf6 19. Nxf6+ exf6 20. Rc1 Re5
21. Rc3 f5 22. exf5 Rxf5 23. Rd1 Rf6 24. Qd4 a6 25. Re1 Re6 26. Rxe6 fxe6 27. Rxc6 bxc6 28. a4 d5 29. b4 Qc7 30. f4 Qf7
31. Qe3 Qf5+= 32. Ka2 Qf7 33. Kb3
1-0

[Event "SM Master Norm Tournament"]
[Site "SchemingMind.com"]
[Date "2008.12.05"]
[Round "-"]
[White "GBEDARD"]
[Black "Aadsje"]
[Result "1/2-1/2"]
[WhiteCountry "USA"]
[BlackCountry "NED"]
[WhiteElo "2191"]
[WhiteRD "75"]
[BlackElo "2203"]
[BlackRD "60"]
[GameID "181767"]

1. e4 c5 2. Nf3 d6 3. d4 cxd4 4. Nxd4 Nf6 5. Nc3 a6 6. Be3 e6 7. Bd3 b5 8. O-O Bb7 9. a3 Nbd7 10. f4 Be7
11. Qf3 O-O 12. Rac1 Nc5 13. b4 Ncd7 14. Nb1 Nb6 15. Nd2 Nc4 16. Nxc4 bxc4 17. Bxc4 Bxe4 18. Qe2 Qc8 19. Nb3 Qc6 20. Na5 Qa4
21. Bd4 d5 22. Bxa6 Rfb8 23. Bd3 Bd8 24. Bxf6 Bxf6 25. Bxe4 dxe4= 26. Nc4 Bd4+ 27. Kh1 f5 28. Rfd1 Rd8 29. h3 Qc6 30. Na5 Qc7
31. Qc4 Qxc4=
1/2-1/2

[Event "SM Master Norm Tournament"]
[Site "SchemingMind.com"]
[Date "2008.12.06"]
[Round "-"]
[White "_keyes"]
[Black "GBEDARD"]
[Result "0-1"]
[WhiteCountry "ENG"]
[BlackCountry "USA"]
[WhiteElo "1997"]
[WhiteRD "83"]
[BlackElo "2191"]
[BlackRD "75"]
[GameID "181768"]

1. d4 Nf6 2. c4 e6 3. Nc3 g6 4. e4 Bg7 5. f3 d6 6. Be3 O-O 7. Nge2 Nc6 8. Qd2 Nd7 9. h4 Nb6 10. b3 h5
11. O-O-O e5 12. d5 Ne7 13. Ng3 Re8 14. Bd3 Nd7 15. Rdg1 Nf6 16. Bh6 c6 17. Nf1 Bxh6 18. Qxh6 cxd5 19. exd5 Bf5 20. Ne4 Bxe4
21. Bxe4 Qa5 22. Qd2 Qc5 23. Ne3 b5 24. Kd1 bxc4 25. bxc4 Reb8 26. Ke2 Qc7 27. Rb1 Nxe4 28. fxe4 f5 29. Qd3 Qa5 30. Rxb8+ Rxb8
31. exf5 Qxa2+ 32. Kf3 Nxf5 33. Nxf5 gxf5
0-1

[Event "SM Master Norm Tournament"]
[Site "SchemingMind.com"]
[Date "2008.12.03"]
[Round "-"]
[White "Dr_Pat"]
[Black "GBEDARD"]
[Result "0-1"]
[WhiteCountry "USA"]
[BlackCountry "USA"]
[WhiteElo "2106"]
[WhiteRD "52"]
[BlackElo "2024"]
[BlackRD "90"]
[GameID "181769"]

1. d4 Nf6 2. c4 e6 3. Nc3 g6 4. e4 d5 5. e5 Ne4 6. Bd3 f5 7. exf6 Nxf6 8. Nf3 Bg7 9. Bg5 O-O 10. cxd5 exd5
11. O-O c6 12. Re1 Bg4 13. Be2 Nbd7 14. h3 Bxf3 15. Bxf3 Nb6 16. a4 Nc4 17. b3 Nd6 18. Bg4 Qb6 19. a5 Qb4 20. Be6+ Kh8
21. Qd2 Rae8 22. Rad1 Qxa5 23. Bh4 Qa3 24. f3 Nh5 25. Bd7 Rxe1+ 26. Qxe1 Nf6 27. Bxf6 Bxf6
0-1

[Event "SM Master Norm Tournament"]
[Site "SchemingMind.com"]
[Date "2008.12.03"]
[Round "-"]
[White "Trener"]
[Black "GBEDARD"]
[Result "0-1"]
[WhiteCountry "PAR"]
[BlackCountry "USA"]
[WhiteElo "2166"]
[WhiteRD "69"]
[BlackElo "2190"]
[BlackRD "78"]
[GameID "181771"]

1. e4 d6 2. d4 Nf6 3. Bd3 e5 4. c3 d5 5. dxe5 Nxe4 6. Nf3 Nc6 7. Nbd2 Nc5 8. Bb1 Bg4 9. b4 Nd7 10. h3 Bh5
11. O-O Ncxe5 12. Re1 Be7 13. g4 Nxf3+ 14. Nxf3 Bg6 15. Qxd5 c6 16. Qd4 O-O 17. Bxg6 fxg6 18. Qe3 Rf7 19. Qe6 Bf6 20. Bf4 Bxc3
21. Ng5 Qf6 22. Nxf7 Qxe6 23. Rxe6 Bxa1 24. Re7 Rf8 25. Nd6 Rxf4 26. Rxd7 Bd4 27. Rd8+ Rf8 28. Rxf8+ Kxf8 29. Nxb7 Ke7 30. Kf1 Ke6
31. Ke2 Kd5
0-1

[Event "SM Master Norm Tournament"]
[Site "SchemingMind.com"]
[Date "2008.12.05"]
[Round "-"]
[White "Aadsje"]
[Black "GBEDARD"]
[Result "1-0"]
[WhiteCountry "NED"]
[BlackCountry "USA"]
[WhiteElo "2208"]
[WhiteRD "59"]
[BlackElo "2107"]
[BlackRD "84"]
[GameID "181772"]

1. e4 d6 2. Nc3 e5 3. Nf3 Nc6 4. d4 Bg4 5. d5 Nd4 6. Be3 Nxf3+ 7. gxf3 Bd7 8. Qd3 Ne7 9. h4 f5 10. O-O-O f4
11. Bd2 h5 12. Bh3 Ng6 13. Be6 Bxe6 14. dxe6 c6 15. Na4 Qf6 16. Qb3 O-O-O 17. Ba5 Re8 18. Nc5 dxc5 19. Rd7 b5 20. Qa3 Rxe6
21. Rc7+
1-0

[Event "SM Master Norm Tournament"]
[Site "SchemingMind.com"]
[Date "2008.12.09"]
[Round "-"]
[White "MazetaFighter"]
[Black "_keyes"]
[Result "1/2-1/2"]
[WhiteCountry "GRE"]
[BlackCountry "ENG"]
[WhiteElo "2002"]
[WhiteRD "63"]
[BlackElo "1929"]
[BlackRD "70"]
[GameID "182265"]

1. d4 Nf6 2. c4 e6 3. Nc3 Bb4 4. a3 Bxc3+ 5. bxc3 b6 6. Nf3 Ne4 7. Qc2 Bb7 8. e3 O-O 9. Bd3 f5 10. O-O d6
11. Nd2 Nf6 12. e4 fxe4 13. Nxe4 h6 14. Qe2 Nbd7 15. Nxf6+ Qxf6 16. Qg4 Rad8 17. Bd2 Bc8 18. Rae1 e5 19. Qe4 c5 20. d5 Nb8
21. Qh7+ Kf7 22. Re3 Rh8 23. Qe4 Kg8 24. Rf3 Qe7 25. Re1 Nd7 26. Qe2 Nf6 27. Bf5 Bxf5 28. Rxf5 Qd7 29. Rf3 Rf8 30. Rg3 Kf7
31. h3 g5 32. Kf1= Ke8 33. Re3 g4 34. Rg3 h5 35. Bg5 gxh3 36. Rxh3 Ng4 37. Bh4=
1/2-1/2

[Event "SM Master Norm Tournament"]
[Site "SchemingMind.com"]
[Date "2008.12.07"]
[Round "-"]
[White "MazetaFighter"]
[Black "Dr_Pat"]
[Result "0-1"]
[WhiteCountry "GRE"]
[BlackCountry "USA"]
[WhiteElo "2011"]
[WhiteRD "61"]
[BlackElo "2099"]
[BlackRD "56"]
[GameID "182266"]

1. e4 Nf6 2. e5 Nd5 3. d4 d6 4. Nf3 Bg4 5. Be2 e6 6. O-O Be7 7. c4 Nb6 8. h3 Bh5 9. Nc3 O-O 10. Be3 Nc6
11. exd6 cxd6 12. d5 Bxf3 13. Bxf3 Ne5 14. dxe6 fxe6 15. Bg4 Qd7 16. b3 Nxg4 17. Qxg4 Rf6 18. Bxb6 axb6 19. Nd5 Rg6 20. Nxe7+ Qxe7
21. Qe2 Qc7 22. f4 d5 23. cxd5 exd5 24. Rac1 Qd7 25. f5 Rf6 26. g4 Rc6 27. Rxc6 bxc6 28. g5 c5 29. a4 d4 30. Qc4+ Qf7
31. Qb5 Rb8 32. Rf3 Qh5 33. Rg3 Re8 34. Kf2 Re5 35. Qd3 h6 36. gxh6 Qxh6 37. Rf3 Qh4+
0-1

[Event "SM Master Norm Tournament"]
[Site "SchemingMind.com"]
[Date "2008.12.11"]
[Round "-"]
[White "MazetaFighter"]
[Black "egis"]
[Result "1-0"]
[WhiteCountry "GRE"]
[BlackCountry "LTU"]
[WhiteElo "1994"]
[WhiteRD "61"]
[BlackElo "1960"]
[BlackRD "68"]
[GameID "182267"]

1. e4 e5 2. Nf3 Nc6 3. Bc4 Bc5 4. c3 Nf6 5. d4 exd4 6. cxd4 Bb4+ 7. Nc3 O-O 8. Bg5 Qe8 9. O-O Bxc3 10. bxc3 Nxe4
11. Re1 h6 12. Bxh6 gxh6 13. Qd3 d6 14. Rxe4 Qd8 15. Rh4 Qf6 16. Qe3 Kg7 17. Rf4 Qd8 18. d5 Na5 19. Bd3 Bd7 20. Qd4+ f6
21. Nh4 Rf7 22. Qe4 Kf8 23. Qg6 Nb3 24. Qxh6+ Rg7 25. Rxf6+ Kg8 26. axb3 Qe7 27. Nf5 Bxf5 28. Bxf5 b6 29. Be6+ Qxe6 30. Rxe6 a5
31. Rae1 Rf8 32. Re8 a4 33. Qe6+ Kh7 34. Rxf8 Rd7 35. Qxd7+
1-0

[Event "SM Master Norm Tournament"]
[Site "SchemingMind.com"]
[Date "2008.12.07"]
[Round "-"]
[White "MazetaFighter"]
[Black "Trener"]
[Result "0-1"]
[WhiteCountry "GRE"]
[BlackCountry "PAR"]
[WhiteElo "1994"]
[WhiteRD "61"]
[BlackElo "2166"]
[BlackRD "69"]
[GameID "182268"]

1. e4 c5 2. Nf3 d6 3. d4 cxd4 4. Nxd4 Nf6 5. Nc3 a6 6. Bc4 e6 7. Bb3 b5 8. O-O Be7 9. Qf3 Qc7 10. Qg3 O-O
11. Bh6 Ne8 12. Rad1 Bd7 13. a3 Nc6 14. Nxc6 Bxc6 15. f4 Kh8 16. Bg5 a5 17. f5 Bxg5 18. Qxg5 Nf6 19. fxe6 fxe6 20. Bxe6 Qa7+
21. Kh1 b4 22. axb4 axb4 23. Bd5 Qc5
0-1

[Event "SM Master Norm Tournament"]
[Site "SchemingMind.com"]
[Date "2008.12.11"]
[Round "-"]
[White "MazetaFighter"]
[Black "Aadsje"]
[Result "0-1"]
[WhiteCountry "GRE"]
[BlackCountry "NED"]
[WhiteElo "2036"]
[WhiteRD "70"]
[BlackElo "2238"]
[BlackRD "60"]
[GameID "182269"]

1. d4 Nf6 2. Nc3 d5 3. Nf3 c6 4. Bf4 Bf5 5. e3 e6 6. Be2 Bd6 7. Bxd6 Qxd6 8. Ne5 O-O 9. O-O Nbd7 10. f4 Rac8
11. Bd3 h6 12. Bxf5 exf5 13. g4 Nxg4 14. Nxg4 Qg6 15. h3 Nf6 16. Kh1 fxg4 17. Rg1 h5 18. Rg2 Rfe8 19. Qd2 g3 20. Rf1 b5
21. f5 Qg5 22. Rf4 h4 23. Qd3 Rc7 24. Kg1 Rce7 25. Nd1 Qxf4 26. exf4 Re1+ 27. Qf1 Nh5
0-1

[Event "SM Master Norm Tournament"]
[Site "SchemingMind.com"]
[Date "2008.12.07"]
[Round "-"]
[White "MazetaFighter"]
[Black "GBEDARD"]
[Result "0-1"]
[WhiteCountry "GRE"]
[BlackCountry "USA"]
[WhiteElo "2012"]
[WhiteRD "79"]
[BlackElo "2191"]
[BlackRD "75"]
[GameID "182270"]

1. e4 d6 2. d4 Nf6 3. Nc3 g6 4. Nf3 Bg7 5. Be2 O-O 6. O-O c6 7. a4 Nbd7 8. Re1 e5 9. dxe5 Nxe5 10. Nxe5 dxe5
11. Qxd8 Rxd8 12. Be3 Be6 13. Rad1 Bf8 14. Rxd8 Rxd8 15. Bxa7 Bb4 16. f3 Ra8 17. Be3= Bxc3 18. bxc3 Rxa4 19. Rd1 Kg7 20. Kf2 h6
21. Rd8 Ra2 22. Bd1 Bb3 23. Rd2 Bc4 24. Be2 Be6 25. h4 Rb2 26. g4 Bxg4 27. fxg4 Nxe4+ 28. Ke1 Nxd2 29. Kxd2 f5 30. gxf5 gxf5
31. Bc4 Rb1 32. Bf2 Kf6 33. Be2 Rh1 34. c4 Ke6 35. c5 Rh2 36. Ke1 Kd5 37. c4+ Ke4 38. Kf1 f4 39. Bg4 f3
0-1

[Event "SM Master Norm Tournament"]
[Site "SchemingMind.com"]
[Date "2008.12.09"]
[Round "-"]
[White "_keyes"]
[Black "MazetaFighter"]
[Result "1/2-1/2"]
[WhiteCountry "ENG"]
[BlackCountry "GRE"]
[WhiteElo "1929"]
[WhiteRD "70"]
[BlackElo "2002"]
[BlackRD "63"]
[GameID "182271"]

1. d4 d5 2. c4 Nc6 3. Nf3 Bg4 4. Nc3 Nf6 5. cxd5 Nxd5 6. e4 Nxc3 7. bxc3 e5 8. d5 Bxf3 9. gxf3 Ne7 10. Qb3 Qc8
11. Ba3 a6 12. Rb1 b6 13. d6 Ng6 14. dxc7 Bxa3 15. Qxa3 Qxc7 16. Bb5+ Kd8 17. O-O Qc5= 18. Rfd1+ Kc8 19. Bxa6+ Kc7 20. Qxc5+ bxc5
21. Bc4 Nf4 22. Kf1 Ra3 23. Bb3 f6 24. Rd2 Rd8 25. Rxd8 Kxd8 26. Rd1+ Kc7 27. Rd2 Kc6 28. Rd8 Ra7 29. Ke1 Kc7 30. Rd2 Kc6
31. Kd1 Kb6 32. Kc2 h5 33. Kb2 Rc7 34. Rd6+ Rc6= 35. Rxc6+ Kxc6 36. Bc4 Nh3 37. Bf1 Ng5 38. Bg2 Nf7 39. Kb3 Kb5 40. a4+ Kb6
41. h4 g5=
1/2-1/2

[Event "SM Master Norm Tournament"]
[Site "SchemingMind.com"]
[Date "2008.12.07"]
[Round "-"]
[White "Dr_Pat"]
[Black "MazetaFighter"]
[Result "0-1"]
[WhiteCountry "USA"]
[BlackCountry "GRE"]
[WhiteElo "2099"]
[WhiteRD "56"]
[BlackElo "2011"]
[BlackRD "61"]
[GameID "182272"]

1. d4 d5 2. c4 e6 3. Nc3 Nf6 4. Bg5 Be7 5. Nf3 c6 6. e3 Nbd7 7. Bd3 O-O 8. O-O dxc4 9. Bxc4 Nd5 10. Bxe7 Qxe7
11. Rc1 Nxc3 12. Rxc3 e5 13. Qc2 exd4 14. exd4 Nb6 15. Re3 Qf6 16. Bb3 Bf5 17. Qc5 Nd7 18. Qe7 Qxe7 19. Rxe7 Rad8 20. Rfe1 Bg6
21. Nh4 b6 22. Nxg6 hxg6 23. g3 b5 24. Rxf7 Rxf7 25. Re7 Kh7 26. Rxf7 a5 27. Kg2 a4 28. Bc2 Nf6 29. Rc7 Rd6 30. Rc8 Nd5
31. h4 Nb4 32. Bb1 Rxd4 33. h5 Nd3 34. Rxc6 Kh6 35. Rxg6+ Kxh5 36. Rxg7 Nxb2 37. f4 Rd2+
0-1

[Event "SM Master Norm Tournament"]
[Site "SchemingMind.com"]
[Date "2008.12.07"]
[Round "-"]
[White "Trener"]
[Black "MazetaFighter"]
[Result "0-1"]
[WhiteCountry "PAR"]
[BlackCountry "GRE"]
[WhiteElo "2166"]
[WhiteRD "69"]
[BlackElo "1994"]
[BlackRD "61"]
[GameID "182274"]

1. e4 e5 2. Nf3 Nc6 3. Bb5 a6 4. Bxc6 dxc6 5. d4 exd4 6. Qxd4 Qxd4 7. Nxd4 Bd7 8. Be3 O-O-O 9. Nc3 Re8 10. O-O-O Bb4
11. Nde2 f5 12. exf5 Bxf5 13. a3 Bd6 14. Bf4 Bxf4+= 15. Nxf4 Nf6 16. Rhe1 Rxe1 17. Rxe1 Re8= 18. Rxe8+ Nxe8 19. h4 Kd7 20. f3 Nf6
21. g4 Be6 22. Kd2 Nd5 23. Ncxd5 cxd5
0-1

[Event "SM Master Norm Tournament"]
[Site "SchemingMind.com"]
[Date "2008.12.11"]
[Round "-"]
[White "Aadsje"]
[Black "MazetaFighter"]
[Result "1-0"]
[WhiteCountry "NED"]
[BlackCountry "GRE"]
[WhiteElo "2220"]
[WhiteRD "67"]
[BlackElo "2011"]
[BlackRD "61"]
[GameID "182275"]

1. e4 e5 2. Nf3 Nc6 3. Bc4 Bc5 4. c3 Nf6 5. d4 exd4 6. O-O Nxe4 7. cxd4 d5 8. dxc5 dxc4 9. Qxd8+ Kxd8 10. Rd1+ Bd7
11. Nbd2 Nxd2 12. Bxd2 Re8 13. Rac1 Bg4 14. Rxc4 Ne5 15. Bf4+ Kc8 16. Bxe5 Bxf3 17. gxf3 Rxe5 18. Rf4 Rxc5 19. Rxf7 b6 20. Rxg7 h5
21. Rd2 Kb7 22. Kg2 Rf8 23. a3 Rcf5 24. Rc2 R8f7 25. Rxf7 Rxf7 26. Re2 Rf5 27. Kg3 Kc6 28. Rd2 a5 29. f4 Kc5 30. Re2 Kd4
31. Kf3 b5 32. Rd2+ Kc4 33. Ke4 Rf7 34. f5 b4 35. axb4 axb4 36. Ke5 h4 37. Ke6 Rh7 38. f6 c5 39. f7
1-0